| 000 | 00679nam a22002057a 4500 | ||
|---|---|---|---|
| 003 | OSt | ||
| 005 | 20260421034621.0 | ||
| 008 | 250721b |||||||| |||| 00| 0 eng d | ||
| 020 | _a9789715812597 | ||
| 040 |
_aDWCL-Main lib _cOC |
||
| 082 | _aCirc. 613.7 L155h 2016 | ||
| 100 | _aLadion, Herminia | ||
| 245 |
_aHealthy moves : _b the healing wonders of therapeutic exercises/ _cHerminia Ladion |
||
| 260 |
_aManila: _bPhilippine Publishing House, _c c2016. |
||
| 300 |
_a212 pages : _bcolor illustrations ; _c25 cm. |
||
| 504 | _aIncludes appendices, glossary | ||
| 650 | _a1. Exercises, Therapeutic. | ||
| 650 | _a2. Health promotion. | ||
| 942 |
_2ddc _cBK-CIRC _kCirc. _n0 |
||
| 999 |
_c3791 _d3791 |
||